| 000 | 00870cam a2200253 a 4500 | ||
|---|---|---|---|
| 001 | 2682 | ||
| 005 | 20240111134329.0 | ||
| 020 | _a9780545487948 | ||
| 040 |
_aDLC _cDLC _beng |
||
| 050 | 0 | 0 |
_aPZ7.D3587 _b2000 |
| 082 | 0 | 0 | _a[Fic] |
| 100 | 1 | _aDeedy, Carmen Agra | |
| 245 | 1 | 4 |
_aThe yellow star : _bthe legend of King Christian X of Denmark / _cCarmen Agra Deedy ; illustrated by Henri Sørensen. |
| 250 | _aPrinted in the U.S.A | ||
| 260 |
_aNew York : _bScholastic , _c2000 |
||
| 300 |
_a28 unnumbered pages : _bcolor illustrations ; _c27 cm. |
||
| 505 | _aR | ||
| 520 | _aRetells the story of King Christian X and the Danish resistance to the Nazis during World War II. | ||
| 521 |
_a780
_bLexile |
||
| 521 |
_aR
_bRaz-Plus |
||
| 700 | 1 |
_aSørensen, Henri _eillustrator |
|
| 906 |
_a7 _bcbc _corignew _d1 _eocip _f20 _gy-gencatlg |
||
| 942 |
_2ddc _cBK _n0 |
||
| 999 |
_c2682 _d2682 |
||